000 03157nam a2200337 a 4500
003 OSt
005 20250616100552.0
007 cr ||||||a|a|a
008 250616s2025 mx a|||fom||| 001 0 spa d
040 _erda
100 1 _aRodríguez Salazar, Alexey
_9190459
245 1 0 _aRespuesta de tetranychus urticae, koch. A la aplicación de nanopartículas de plata en cultivo de rosa (Rosa x hybrida) en el estado de México /
_cpor Alexey Rodríguez Salazar; director de tesis Jaime Alfredo Urzúa Gutiérrez; secretario Sandra Guadalupe González Domínguez; vocal Calixto Leopoldo Carrillo Fonseca; suplente José Antonio Tafoya Razo; suplente Candelario Santillán Ortega.
264 1 _aChapingo, México :
_bEl autor,
_c2024.
300 _a1 recurso en línea (49 páginas):
_bcuadros, figuras.
336 _2rdacontent
_atexto
_btxt
337 _2rdamedia
_acomputadora
_bc
338 _2rdacarrier
_arecurso en línea
_bcr
502 _bIAEPA
_cParasitología
_d2024.
_gLIC
504 _aIncluye referencias bibliográficas: páginas 33-47.
520 _aTetranychus urticae, Koch. conocido como el ácaro de dos manchas, es una especie polífaga que causa serios problemas económicos. El cultivo de rosa (Rosa x hybrida), es altamente susceptible al ataque de T. urticae causando grandes pérdidas económicas por su alimentación, lo cual, desencadeno el uso múltiple de acaricidas, volviéndose un problema en la producción mundial por los mecanismos de resistencia que esta plaga ha presentado. Las restricciones en el uso de sustancias activas permitidas han llevado a la búsqueda diferentes métodos para controlar plagas. Uno de ellos se basa en inducir mecanismos de defensas naturales de las plantas. El ácido Jasmónico (JA) y el ácido salicílico tienen un papel importante en distintos procesos fisiológicos de las plantas, constituyen un mecanismo de defensas como una respuesta funcional a factores de estrés biótico y abiótico, que están estrechamente relacionadas con la presencia de ácaros fitófagos. Es por lo que, atendiendo esta problemática se evaluó el efecto que tendría la aplicación de nanopartículas de plata en la planta y en las poblaciones de T. urticae actuando ya sea como un inductor de resistencia al aumentar los niveles de JA y de ácido salicílico o como un nuevo método de control de poblaciones, al evaluar los efectos que causan las aplicaciones en el establecimiento de este ácaro en la planta.
650 4 _aTetranychus urticae
_xControl
_9132187
650 4 _aNanopartículas de plata
_xEfecto en fitopatógenos
_9188488
650 4 _aNanopartículas de plata
_xEfecto en plantas
_9187684
700 1 _aUrzúa Gutiérrez, Jaime Alfredo
_edirector de tesis
_9117018
700 1 _aGonzález Domínguez, Sandra Guadalupe
_948859
_esecretario.
700 1 _aCarrillo Fonseca, Calixto Leopoldo
_919482
_evocal.
700 1 _aTafoya Razo, José Antonio
_9111341
_esuplente.
700 1 _aSantillán Ortega, Candelario
_esuplente.
_9102429
856 _uhttp://10.13.5.2/tesis/tl/1412195-6_RODRIGUEZ_SALAZAR_ALEXEY.pdf
_zDESCARGAR PDF
942 _2Clasificación Universidad Autónoma Chapingo
_cTD
999 _c220613
_d220613